Catalogue of the historical maps of the survey of India (1700-1900) (Record no. 487275)

000 -LEADER
fixed length control field 00361cam a22001097a 4500
008 - FIXED-LENGTH DATA ELEMENTS--GENERAL INFORMATION
fixed length control field 180718b1975 xxu||||| |||| 00| 0 eng d
082 ## - DEWEY DECIMAL CLASSIFICATION NUMBER
Classification number A7:1x54 In2c
245 ## - TITLE STATEMENT
Title Catalogue of the historical maps of the survey of India (1700-1900)
Statement of responsibility, etc. edited by S.N. Prasad
260 ## - PUBLICATION, DISTRIBUTION, ETC.
Place of publication, distribution, etc. New Delhi
Name of publisher, distributor, etc. The National Archives of India
Date of publication, distribution, etc. 1975
300 ## - PHYSICAL DESCRIPTION
Extent 543+p.
700 ## - ADDED ENTRY--PERSONAL NAME
Personal name Prasad, S.N.
Holdings
Withdrawn status Lost status Damaged status Not for loan Permanent Location Current Location Date acquired Full call number Barcode Date last seen Price effective from Koha item type
        Indian Institute of Public Administration Indian Institute of Public Administration 2018-08-04 A7:1x54 In2c G14977 2018-08-04 2018-08-04 G

Powered by Koha